| 000 | 00951nam a2200193 a 4500 | ||
|---|---|---|---|
| 008 | 120416s1954 ||||||||||||||||| || u | ||
| 050 | _aHD 6972.5 Ind | ||
| 100 | _aKornhauser, Arthur | ||
| 245 | 1 | 0 |
_aIndustrial conflict _cedited by Arthur Kornhauser (and others) |
| 260 |
_aNew York _bMcGraw-Hill _c1954 |
||
| 300 | _axi, 551 pages | ||
| 350 | _a0.00 | ||
| 650 | 0 | _aCONFLICT MANAGEMENT | |
| 650 | _aINDUSTRY | ||
| 650 | _aARBITRATION, INDUSTRIAL--GREAT BRITAIN | ||
| 995 |
_aMAIN LIBRARY OPEN ACCESS _D0.00 _e730399 _FCBU-MAIN LIBRARY (Kitwe) _H1 _I0.00 _jHD 6972.5 Ind _M1 _UAVAILABLE _y003683 _ZMain Library Open Access Collection |
||
| 995 |
_aMAIN LIBRARY OPEN ACCESS _D0.00 _e730400 _FCBU-MAIN LIBRARY (Kitwe) _H3 _I0.00 _jHD 6972.5 Ind _M3 _UAVAILABLE _y003684 _ZMain Library Open Access Collection |
||
| 995 |
_aANNEX COLLECTION (Main Library) _D0.00 _e4515 _FCBU-MAIN LIBRARY (Kitwe) _H2 _I0.00 _jHD 6972.5 Ind _M2 _UAVAILABLE _y003682 _ZAnnex Low-Usage Collection |
||
| 999 |
_c76485 _d76485 |
||